| 000 | 00968nam a2200241Ia 4500 | ||
|---|---|---|---|
| 005 | 20240530102906.0 | ||
| 008 | 140319s1993 xx 000 0 ara d | ||
| 040 |
_aGCL / _cGCL |
||
| 082 | 0 | 4 |
_a520 / _bن ت |
| 100 | 1 | _aنصير الدين الطوسى | |
| 245 | 1 | 0 |
_aالتذكرة فى علم الهيئة مع دراسة لاسهامات الطوسى الفلكية / _cتاليف نصير الدين الطوسى ؛ محقق عباس سليمان |
| 260 |
_aالكويت : _bدار سعاد الصباح ، _c1993 |
||
| 300 |
_a324 ص؛ _b24 سم |
||
| 650 | 0 | 4 | _aالحضارة العربية الاسلامية - المعارف البحرية |
| 650 | 0 | 4 | _aالفلك |
| 650 | 0 | 4 | _aالعلوم عند العرب |
| 650 | 0 | 4 | _aالحضارة الاسلامية |
| 650 | 0 | 4 | _aالطوسى |
| 650 | 0 | 4 | _aالعلماء العرب |
| 700 | 1 |
_aعباس سليمان _eمحقق |
|
| 942 |
_2ddc _cBK |
||
| 999 |
_c35180 _d35180 |
||